Search for long-lived particles decaying to jets with displaced vertices in proton-proton collisions at √s=13  TeV; Physical Review D; Vol. 104, iss. 5

Bibliografiske detaljer
Parent link:Physical Review D: particles, fields, gravitation, and cosmology
Vol. 104, iss. 5.— 2021.— [052011, 29 p.]
Institution som forfatter: Национальный исследовательский Томский политехнический университет Исследовательская школа физики высокоэнергетических процессов
Andre forfattere: Sirunyan A. M., Tumasyan A. R., Adam W. Wolfgang, Babaev A. A. Anton Anatoljevich, Okhotnikov V. V. Vitaly Vladimirovich, Sukhikh L. G. Leonid Grigorievich, Yuzhakov A. D. Aleksandr Dmitrievich
Summary:Title screen
A search is presented for long-lived particles produced in pairs in proton-proton collisions at the LHC operating at a center-of-mass energy of 13  TeV. The data were collected with the CMS detector during the period from 2015 through 2018, and correspond to a total integrated luminosity of 140  fb−1. This search targets pairs of long-lived particles with mean proper decay lengths between 0.1 and 100  mm, each of which decays into at least two quarks that hadronize to jets, resulting in a final state with two displaced vertices. No significant excess of events with two displaced vertices is observed. In the context of R-parity violating supersymmetry models, the pair production of long-lived neutralinos, gluinos, and top squarks is excluded at 95% confidence level for cross sections larger than 0.08 fb, masses between 800 and 3000 GeV, and mean proper decay lengths between 1 and 25 mm.
Sprog:engelsk
Udgivet: 2021
Fag:
Online adgang:http://earchive.tpu.ru/handle/11683/80978
https://doi.org/10.1103/PhysRevD.104.052011
Format: MixedMaterials Electronisk Book Chapter
KOHA link:https://koha.lib.tpu.ru/cgi-bin/koha/opac-detail.pl?biblionumber=668555

MARC

LEADER 00000naa0a2200000 4500
001 668555
005 20250526104136.0
035 |a (RuTPU)RU\TPU\network\39782 
035 |a RU\TPU\network\39781 
090 |a 668555 
100 |a 20221227a2021 k y0engy50 ba 
101 0 |a eng 
102 |a US 
135 |a drcn ---uucaa 
181 0 |a i  
182 0 |a b 
200 1 |a Search for long-lived particles decaying to jets with displaced vertices in proton-proton collisions at √s=13  TeV  |f A. M. Sirunyan, A. R. Tumasyan, W. Adam [et al.] 
203 |a Text  |c electronic 
300 |a Title screen 
320 |a [References: 64 tit.] 
330 |a A search is presented for long-lived particles produced in pairs in proton-proton collisions at the LHC operating at a center-of-mass energy of 13  TeV. The data were collected with the CMS detector during the period from 2015 through 2018, and correspond to a total integrated luminosity of 140  fb−1. This search targets pairs of long-lived particles with mean proper decay lengths between 0.1 and 100  mm, each of which decays into at least two quarks that hadronize to jets, resulting in a final state with two displaced vertices. No significant excess of events with two displaced vertices is observed. In the context of R-parity violating supersymmetry models, the pair production of long-lived neutralinos, gluinos, and top squarks is excluded at 95% confidence level for cross sections larger than 0.08 fb, masses between 800 and 3000 GeV, and mean proper decay lengths between 1 and 25 mm. 
461 |t Physical Review D  |o particles, fields, gravitation, and cosmology 
463 |t Vol. 104, iss. 5  |v [052011, 29 p.]  |d 2021 
610 1 |a электронный ресурс 
610 1 |a труды учёных ТПУ 
701 1 |a Sirunyan  |b A. M. 
701 1 |a Tumasyan  |b A. R. 
701 1 |a Adam  |b W.  |g Wolfgang 
701 1 |a Babaev  |b A. A.  |c physicist  |c engineer-issledovatelskogo Polytechnic University, candidate of physical and mathematical Sciences  |f 1981-  |g Anton Anatoljevich  |3 (RuTPU)RU\TPU\pers\35154  |9 18420 
701 1 |a Okhotnikov  |b V. V.  |c physicist  |c engineer of Tomsk Polytechnic University  |f 1992-  |g Vitaly Vladimirovich  |3 (RuTPU)RU\TPU\pers\36453 
701 1 |a Sukhikh  |b L. G.  |c physicist  |c Professor of Tomsk Polytechnic University, Doctor of Sciences  |f 1984-  |g Leonid Grigorievich  |3 (RuTPU)RU\TPU\pers\31554  |9 15714 
701 1 |a Yuzhakov  |b A. D.  |g Aleksandr Dmitrievich 
712 0 2 |a Национальный исследовательский Томский политехнический университет  |b Исследовательская школа физики высокоэнергетических процессов  |c (2017- )  |3 (RuTPU)RU\TPU\col\23551 
801 2 |a RU  |b 63413507  |c 20230324  |g RCR 
850 |a 63413507 
856 4 |u http://earchive.tpu.ru/handle/11683/80978  |z http://earchive.tpu.ru/handle/11683/80978 
856 4 |u https://doi.org/10.1103/PhysRevD.104.052011  |z https://doi.org/10.1103/PhysRevD.104.052011 
942 |c CF